<?xml version="1.0" encoding="UTF-8"?>
<record
    xmlns:xsi="http://www.w3.org/2001/XMLSchema-instance"
    xsi:schemaLocation="http://www.loc.gov/MARC21/slim http://www.loc.gov/standards/marcxml/schema/MARC21slim.xsd"
    xmlns="http://www.loc.gov/MARC21/slim">

  <leader>     nam a22     7a 4500</leader>
  <datafield tag="999" ind1=" " ind2=" ">
    <subfield code="c">137317</subfield>
    <subfield code="d">137315</subfield>
  </datafield>
  <controlfield tag="005">20171013103109.0</controlfield>
  <controlfield tag="008">171013b        mx ||||| |||| 00| 0 spa d</controlfield>
  <datafield tag="020" ind1=" " ind2=" ">
    <subfield code="a">9786077775072</subfield>
  </datafield>
  <datafield tag="050" ind1="0" ind2="4">
    <subfield code="a">RG107.5.P3</subfield>
    <subfield code="b">A73 2010</subfield>
  </datafield>
  <datafield tag="100" ind1="1" ind2=" ">
    <subfield code="a">Aranda Gallegos, Patricia</subfield>
  </datafield>
  <datafield tag="245" ind1="1" ind2="4">
    <subfield code="a">Los Motivos de la "desidia" : </subfield>
    <subfield code="b">Estudio sociocultural de los saberes legos sobre el papanicolaou y el c&#xE1;ncer cervicouterino / </subfield>
    <subfield code="c">Patricia Aranda Gallegos</subfield>
  </datafield>
  <datafield tag="260" ind1=" " ind2=" ">
    <subfield code="a">Hermosillo, Sonora : </subfield>
    <subfield code="b">El Colegio de Sonora, </subfield>
    <subfield code="c">2010</subfield>
  </datafield>
  <datafield tag="300" ind1=" " ind2=" ">
    <subfield code="a">428 p. : </subfield>
    <subfield code="b">ilustraciones, </subfield>
    <subfield code="c">22 cm.</subfield>
  </datafield>
  <datafield tag="504" ind1=" " ind2=" ">
    <subfield code="a">Bibliograf&#xED;a: p. 381-419.</subfield>
  </datafield>
  <datafield tag="504" ind1=" " ind2=" ">
    <subfield code="a">&#xCD;ndice tem&#xE1;tico: p. 421-425.</subfield>
  </datafield>
  <datafield tag="650" ind1=" " ind2="7">
    <subfield code="2">lemb</subfield>
    <subfield code="a">Mujeres</subfield>
    <subfield code="x">Salud e higiene </subfield>
    <subfield code="z">M&#xE9;xico, Sonora (Estado)</subfield>
    <subfield code="v">Participaci&#xF3;n ciudadana.</subfield>
  </datafield>
  <datafield tag="650" ind1=" " ind2="7">
    <subfield code="2">lemb</subfield>
    <subfield code="a">Cuello uterino</subfield>
    <subfield code="x">Cancer</subfield>
    <subfield code="v">Prevenci&#xF3;n</subfield>
  </datafield>
  <datafield tag="651" ind1=" " ind2="7">
    <subfield code="2">lemb</subfield>
    <subfield code="a">M&#xE9;xico, Sonora (Estado)</subfield>
    <subfield code="x">Aspectos sociales</subfield>
    <subfield code="v"> Prueba de papanicolaou</subfield>
  </datafield>
  <datafield tag="942" ind1=" " ind2=" ">
    <subfield code="2">lcc</subfield>
    <subfield code="c">LIB</subfield>
  </datafield>
  <datafield tag="952" ind1=" " ind2=" ">
    <subfield code="1">0</subfield>
    <subfield code="2">lcc</subfield>
    <subfield code="4">0</subfield>
    <subfield code="7">0</subfield>
    <subfield code="a">INV-033</subfield>
    <subfield code="b">INV-033</subfield>
    <subfield code="c">GENERAL</subfield>
    <subfield code="d">2017-10-13</subfield>
    <subfield code="f">1a ed. </subfield>
    <subfield code="i">H</subfield>
    <subfield code="k">CS</subfield>
    <subfield code="o">RG107.5.P3 A73 2010</subfield>
    <subfield code="p">IIH000019461</subfield>
    <subfield code="r">2017-10-13 00:00:00</subfield>
    <subfield code="t">C:1</subfield>
    <subfield code="y">LIB</subfield>
    <subfield code="z">GENERAL</subfield>
  </datafield>
</record>
